<?xml version="1.0" encoding="UTF-8"?>
<record
    xmlns:xsi="http://www.w3.org/2001/XMLSchema-instance"
    xsi:schemaLocation="http://www.loc.gov/MARC21/slim http://www.loc.gov/standards/marcxml/schema/MARC21slim.xsd"
    xmlns="http://www.loc.gov/MARC21/slim">

  <leader>02587njm a2200421Ia 4500</leader>
  <controlfield tag="001">F2179</controlfield>
  <controlfield tag="003">IT-RoPAU</controlfield>
  <controlfield tag="005">20220918181115.0</controlfield>
  <controlfield tag="008">131025s9999    xx            000 0 und d</controlfield>
  <datafield tag="040" ind1=" " ind2=" ">
    <subfield code="a">IT-RoPAU</subfield>
  </datafield>
  <datafield tag="040" ind1=" " ind2=" ">
    <subfield code="c">IT-RoPAU</subfield>
  </datafield>
  <datafield tag="041" ind1=" " ind2=" ">
    <subfield code="a">INGLESE</subfield>
  </datafield>
  <datafield tag="999" ind1=" " ind2=" ">
    <subfield code="c">99295</subfield>
    <subfield code="d">99295</subfield>
  </datafield>
  <datafield tag="999" ind1=" " ind2=" ">
    <subfield code="b">n.d.</subfield>
  </datafield>
  <datafield tag="100" ind1=" " ind2=" ">
    <subfield code="a">AA.VV.</subfield>
    <subfield code="9">794</subfield>
  </datafield>
  <datafield tag="100" ind1=" " ind2=" ">
    <subfield code="e">Autore musica</subfield>
    <subfield code="9">32492</subfield>
  </datafield>
  <datafield tag="100" ind1=" " ind2=" ">
    <subfield code="g">Codice autore musica SPICS: 12000</subfield>
    <subfield code="9">796</subfield>
  </datafield>
  <datafield tag="245" ind1=" " ind2=" ">
    <subfield code="a">Blue</subfield>
  </datafield>
  <datafield tag="250" ind1=" " ind2=" ">
    <subfield code="a">1a ed.</subfield>
  </datafield>
  <datafield tag="260" ind1=" " ind2=" ">
    <subfield code="a">ENGLAND</subfield>
  </datafield>
  <datafield tag="260" ind1=" " ind2=" ">
    <subfield code="b">EMI RECORDS</subfield>
    <subfield code="c">1998 [1a Ed.:1998 - Ed. Lingua Orig.: 1998]</subfield>
  </datafield>
  <datafield tag="300" ind1=" " ind2=" ">
    <subfield code="a">COMPACT DISC</subfield>
  </datafield>
  <datafield tag="300" ind1=" " ind2=" ">
    <subfield code="c">51 minuti (Testo: 0 pag.)</subfield>
  </datafield>
  <datafield tag="500" ind1=" " ind2=" ">
    <subfield code="a">Musica pop. Testi delle Canzoni.</subfield>
  </datafield>
  <datafield tag="505" ind1=" " ind2=" ">
    <subfield code="a">Mellow My Mind (4:00) - Blue (5:00) - Say You Love Me (4:00) - To Be Free (5:00) - The Air That I Breathe (5:00) - Someday In My Life (5:00) - The Air That I Breathe Reprise (5:00) - Night Nurse (4:00) - Broken Man (4:00) - Come Get Me Angel (5:00) - Ghetto Girl (4:00) - Love Has Said Goodbye Again (4:00) - High Fives (3:00)</subfield>
  </datafield>
  <datafield tag="650" ind1=" " ind2=" ">
    <subfield code="a">POP [COMPACT DISC]</subfield>
    <subfield code="e">Codice MATERIA SPICS: 9949</subfield>
    <subfield code="9">10570</subfield>
  </datafield>
  <datafield tag="700" ind1=" " ind2=" ">
    <subfield code="a">Simply Red</subfield>
    <subfield code="g">Codice interprete SPICS: 10084</subfield>
    <subfield code="e">Interprete</subfield>
    <subfield code="9">32493</subfield>
  </datafield>
  <datafield tag="700" ind1=" " ind2=" ">
    <subfield code="a">Young Neil</subfield>
    <subfield code="g">Codice autore musica SPICS: 17347</subfield>
    <subfield code="e">Autore musica</subfield>
    <subfield code="p">Mellow My Mind</subfield>
    <subfield code="9">32494</subfield>
  </datafield>
  <datafield tag="700" ind1=" " ind2=" ">
    <subfield code="a">Hucknall Mick</subfield>
    <subfield code="g">Codice autore testo/musica SPICS: 28125</subfield>
    <subfield code="e">Autore testo/musica</subfield>
    <subfield code="p">Blue - Say You Love Me - To Be Free - Someday In My Life - Broken Man - Love Has Said Goodbye Again - High Fives</subfield>
    <subfield code="9">32495</subfield>
  </datafield>
  <datafield tag="700" ind1=" " ind2=" ">
    <subfield code="a">Hammond A.</subfield>
    <subfield code="g">Codice autore musica SPICS: 14448</subfield>
    <subfield code="e">Autore musica</subfield>
    <subfield code="p">The Air That I Breathe - The Air That I Breathe Reprise (testo riscritto da Turpin e Jordan)</subfield>
    <subfield code="9">32496</subfield>
  </datafield>
  <datafield tag="700" ind1=" " ind2=" ">
    <subfield code="a">Hazelwood L.</subfield>
    <subfield code="g">Codice autore testo/musica SPICS: 23028</subfield>
    <subfield code="e">Autore testo/musica</subfield>
    <subfield code="p">The Air That I Breathe - The Air That I Breathe Reprise (testo riscritto da Turpin e Jordan)</subfield>
    <subfield code="9">32497</subfield>
  </datafield>
  <datafield tag="700" ind1=" " ind2=" ">
    <subfield code="a">Turpin William</subfield>
    <subfield code="g">Codice autore testo/musica SPICS: 50687</subfield>
    <subfield code="e">Autore testo/musica</subfield>
    <subfield code="p">The Air That I Breathe Reprise</subfield>
    <subfield code="9">32498</subfield>
  </datafield>
  <datafield tag="700" ind1=" " ind2=" ">
    <subfield code="a">Isaacs Gregory</subfield>
    <subfield code="g">Codice autore musica SPICS: 50688</subfield>
    <subfield code="e">Autore musica</subfield>
    <subfield code="p">Night Nurse</subfield>
    <subfield code="9">32499</subfield>
  </datafield>
  <datafield tag="700" ind1=" " ind2=" ">
    <subfield code="a">Weise Sylvester</subfield>
    <subfield code="g">Codice autore testo/musica SPICS: 50689</subfield>
    <subfield code="e">Autore testo/musica</subfield>
    <subfield code="p">Night Nurse</subfield>
    <subfield code="9">32500</subfield>
  </datafield>
  <datafield tag="700" ind1=" " ind2=" ">
    <subfield code="a">Franklyn Carolyn</subfield>
    <subfield code="g">Codice autore musica SPICS: 50690</subfield>
    <subfield code="e">Autore musica</subfield>
    <subfield code="p">Come Get Me Angel (riscritta da Mick Hucknall)</subfield>
    <subfield code="9">32501</subfield>
  </datafield>
  <datafield tag="700" ind1=" " ind2=" ">
    <subfield code="a">Saunders Sony</subfield>
    <subfield code="g">Codice autore testo/musica SPICS: 50691</subfield>
    <subfield code="e">Autore musica</subfield>
    <subfield code="p">Come Get Me Angel (riscritta da Mick Hucknall)</subfield>
    <subfield code="9">32502</subfield>
  </datafield>
  <datafield tag="700" ind1=" " ind2=" ">
    <subfield code="a">Brown Dennis</subfield>
    <subfield code="g">Codice autore testo/musica SPICS: 50701</subfield>
    <subfield code="e">Autore testo/musica</subfield>
    <subfield code="p">Ghetto Girl</subfield>
    <subfield code="9">32503</subfield>
  </datafield>
  <datafield tag="942" ind1=" " ind2=" ">
    <subfield code="c">CD</subfield>
    <subfield code="2">ddc</subfield>
  </datafield>
  <datafield tag="952" ind1=" " ind2=" ">
    <subfield code="0">0</subfield>
    <subfield code="1">0</subfield>
    <subfield code="4">0</subfield>
    <subfield code="6">F_2179_000000000000000</subfield>
    <subfield code="7">1</subfield>
    <subfield code="a">SPICS</subfield>
    <subfield code="b">SPICS</subfield>
    <subfield code="d">2013-10-25</subfield>
    <subfield code="l">0</subfield>
    <subfield code="o">F2179</subfield>
    <subfield code="r">2013-10-25 00:00:00</subfield>
    <subfield code="w">2013-10-25</subfield>
    <subfield code="y">CD</subfield>
    <subfield code="z">Progr. Ins.: 22460 / N.Vol.: 1 / Copie: 1 - Copia rara: n.d. / date import: 01.01.2014 - By Epidotti, Trombetti, Vaglietti</subfield>
  </datafield>
</record>
